U.S. States By First And Last Letter - Statistics

General Stats
  • This quiz has been taken 119 times
  • The average score is 30 of 50
Answer Stats
Answer % Correct
Alabama
93%
Alaska
93%
Arizona
93%
California
88%
Florida
80%
Montana
80%
Minnesota
78%
North Dakota
78%
Nebraska
75%
Nevada
75%
North Carolina
75%
Georgia
70%
Indiana
68%
New Mexico
68%
New York
68%
Texas
68%
Arkansas
65%
Hawaii
65%
Iowa
65%
Maine
65%
Mississippi
65%
Missouri
65%
Colorado
63%
Delaware
63%
New Jersey
63%
Connecticut
60%
New Hampshire
60%
South Carolina
60%
Washington
60%
Wisconsin
60%
Oregon
58%
South Dakota
58%
Idaho
53%
Illinois
53%
Kansas
53%
Maryland
53%
Massachusetts
53%
Michigan
50%
Virginia
50%
Pennsylvania
48%
Kentucky
45%
Ohio
45%
Tennessee
45%
West Virginia
45%
Wyoming
45%
Oklahoma
43%
Louisiana
35%
Utah
35%
Rhode Island
30%
Vermont
28%
No matching quizzes found
Score Distribution
Percent of People with Each Score
Percentile by Number Answered
Your Score History
You have not taken this quiz